000
00219 a2200097 4500
001
45183
100
_a
Golllieb W.P
245
_a
Jets rockets how they work
260
_a
London
_b
John Murray
_c
090
_c
28379
_d
28379
942
_a
NUST-CAE
_c
M
_c
20423
999
_c
280256
_d
280256